Dictionnaire tartare-mantchou françois (Record no. 151469)

MARC details
000 -LEADER
campo de control de longitud fija 00982nam a22002175i 4500
001 - NÚMERO DE CONTROL
campo de control 151469
003 - IDENTIFICADOR DE NÚMERO DE CONTROL
campo de control ES-MaACL
005 - FECHA Y HORA DE LA ÚLTIMA TRANSACCIÓN
campo de control 20250822063211.0
008 - DATOS DE LONGITUD FIJA--INFORMACIÓN GENERAL
campo de control de longitud fija 050726m17891790fr | |||||||| ||fre d
040 ## - FUENTE DE CATALOGACIÓN
Centro catalogador/agencia de origen CAM
Lengua de catalogación spa
Centro/agencia transcriptor CAM
100 1# - ENTRADA PRINCIPAL--NOMBRE DE PERSONA
Nombre de persona Amiot, Joseph Marie,
Fechas asociadas al nombre 1718-1793
9 (RLIN) 125663
245 10 - MENCIÓN DEL TÍTULO
Título Dictionnaire tartare-mantchou françois
Resto del título : composé d'après un dictionnaire mantchou-chinois /
Mención de responsabilidad, etc. par M. Amyot, missionnaire a Pékin ; rédigé et publié avec des additions et l'alphabet de cette langue par L. Langlès.
260 ## - PUBLICACIÓN, DISTRIBUCIÓN, ETC.
Lugar de publicación, distribución, etc. A Paris :
Nombre del editor, distribuidor, etc. Imprimé par Fr. Amb. Didot l'ainé, avec les caracteres gravés par Fermine Didot,
Fecha de publicación, distribución, etc. 1789-1790.
300 ## - DESCRIPCIÓN FÍSICA
Extensión 3 t. 2 v. (XL-592 p., XX-575-240 p.) ;
Dimensiones Fol.
596 ## - NOTA AL PIE DE IMPRENTA
NOTA AL PIE DE IMPRENTA Marca tip. en port.
597 ## - NOTA DE DESCRIPCIÓN FÍSICA
NOTA DE DESCRIPCIÓN FÍSICA Antep.
650 #4 - PUNTO DE ACCESO ADICIONAL DE MATERIA--TÉRMINO DE MATERIA
Término de materia o nombre geográfico como elemento de entrada Lengua manchú.
9 (RLIN) 136365
700 1# - ENTRADA AGREGADA--NOMBRE PERSONAL
Nombre de persona Langles, Louis (
Fechas asociadas al nombre 1763-1824)
9 (RLIN) 128672
852 ## - LOCALIZACIÓN
Ubicación ES-MaACL
Número de control de estantería R-170-171
Nota libre -- Enc. piel con hierros
Encuadernación Olim: B-11290-91
Holdings
Estatus retirado Estado de pérdida Estado de daño No para préstamo Colección Biblioteca de origen Biblioteca actual Ubicación en estantería Fecha de adquisición Total de préstamos Signatura topográfica completa Código de barras Visto por última vez Precio de reemplazo Tipo de ítem Koha
        Libros del s. XVIII Biblioteca del Ateneo de Madrid Biblioteca del Ateneo de Madrid Depósito 17/01/2008   R-170-171 1158040 23/02/2023 23/02/2023 Libro impreso antiguo